|
|
|
|
| LEADER |
01050nam a2200229 a 4500 |
| 001 |
00023157 |
| 008 |
110714s2011 bg a 001 0 eng d |
| 020 |
|
|
|a 9789845060295
|
| 040 |
|
|
|a BD-DhAAL
|c BD-DhAAL
|
| 082 |
0 |
0 |
|a 332.091724
|2 21
|
| 245 |
1 |
0 |
|a Microfinance regulations for development :
|b global experinces /
|c Rushidan Islam Rahman and Lila Rashid.
|
| 260 |
|
|
|a Dhaka :
|b University Press,
|c 2011
|
| 300 |
|
|
|a xix,300 p. ;
|c 24 cm.
|
| 504 |
|
|
|a Includes bibliographical references and index.
|
| 541 |
1 |
|
|e 00023157
|
| 650 |
|
0 |
|a Microfinance
|z Developing countries.
|
| 700 |
1 |
|
|a Rahman,Rushidan Islam.
|
| 700 |
1 |
|
|a Rashid, Lila.
|
| 852 |
4 |
|
|a Ayesha Abed Library
|j General shelf
|
| 999 |
|
|
|c 11100
|d 11100
|
| 952 |
|
|
|0 0
|1 0
|4 0
|6 332_091724000000000_MIC
|7 0
|9 17482
|a BRACUL
|b BRACUL
|c GEN
|d 2011-07-16
|l 0
|o 332.091724 MIC
|p 3010023157
|r 2011-07-16
|t 1
|w 2011-07-16
|y BK
|x Available
|
| 952 |
|
|
|0 0
|1 0
|2 ddc
|4 0
|6 332_091724000000000_MIC
|7 0
|9 24185
|a IGS
|b IGS
|c GEN
|d 2014-04-23
|e The University Press Limited
|g 1000.00
|l 0
|o 332.091724 MIC
|p 3010027991
|r 2014-04-23
|t 2
|w 2014-04-23
|y BK
|